000
00320nam a2200133Ia 4500
008
191201s2013 xx 000 0 und d
082
_a
005.133
_b
KAT
100
_a
KANETKAR, Yashavant
245
0
_a
Let us C Solutions
250
_a
13th
260
_c
2013
_b
BPB Publication
_a
NEW DELHI
300
_a
458
942
_2
ddc
_c
BK
999
_c
7840
_d
7840